000 00773nam a2200265Ia 4500
003 OSt
005 20220928113725.0
006 a|||||r|||| 00| 0
007 ta
008 220927b |||||||| |||| 00| 0 eng d
024 _a70848
037 _cTextual
040 _aSDCL
_cSDCL
_beng
041 _2eng
_aeng
082 _aX;5385, P5
100 _aDeGrauwe Paul Ed.
_9434706
245 0 _aProspects for Monetary Union after the Euro.
260 _aCambridge
_bM I T Publication
_c2005
300 _avii,358
_ccm.
490 _aCesipo seminar series
650 _aEuropean Economic Community
_9434707
700 _a Melitz Jacques Ed.
_9434708
942 _hX;5385, P5
_cTEXL
_2CC
999 _c750995
_d750995